[Event "22. OSREDNJA SLOVENSKA LIGA 2021"]
[Site "gostovanja"]
[Date "2021.10.28"]
[Round "7.2"]
[White "Jukan, Nesib"]
[Black "Mihelic, Vesna"]
[Result "1/2-1/2"]
[WhiteElo "1965"]
[BlackElo "1882"]
[PlyCount "49"]
[EventDate "2021.10.28"]
[WhiteTeam "SK TRZIN BUSCOTRADE"]
[BlackTeam "SD MENGES-TRZIN"]

1. d4 d5 2. Bg5 h6 3. Bh4 Nf6 4. Bxf6 exf6 5. Nf3 Bd6 6. Nbd2 O-O 7. e3 Re8 8.
Bd3 f5 9. O-O Be6 10. c4 dxc4 11. Nxc4 Nc6 12. Rc1 Nb4 13. Bb1 c6 14. Nxd6 Qxd6
15. a3 Nd5 16. Ne5 Nf6 17. Qf3 g6 18. Qh3 Kg7 19. f4 Bd5 20. Rc5 Re7 21. Qh4
Be4 22. Ba2 Bd5 23. Bb1 Be4 24. Ba2 Bd5 25. Bb1 1/2-1/2

[Event "22. OSREDNJA SLOVENSKA LIGA 2021"]
[Site "gostovanja"]
[Date "2021.10.28"]
[Round "7.3"]
[White "Sedlar, Tomo"]
[Black "Borstnik, Ales"]
[Result "1-0"]
[WhiteElo "1860"]
[BlackElo "1790"]
[PlyCount "61"]
[EventDate "2021.10.28"]
[WhiteTeam "SD MENGES-TRZIN"]
[BlackTeam "SK TRZIN BUSCOTRADE"]

1. d4 Nf6 2. c4 g6 3. Nc3 Bg7 4. Nf3 d6 5. Bf4 O-O 6. e3 Bf5 7. Bd3 Bxd3 8.
Qxd3 Nc6 9. O-O Re8 10. Rfd1 e5 11. dxe5 Nxe5 12. Nxe5 dxe5 13. Qxd8 Raxd8 14.
Rxd8 Rxd8 15. Bxe5 c6 16. Rd1 Rxd1+ 17. Nxd1 Ne4 18. Bxg7 Kxg7 19. f3 Nd6 20.
b3 f5 21. Nc3 Kf6 22. Kf2 Ke5 23. Ke2 g5 24. g3 h5 25. Kd3 b6 26. f4+ Kf6 27.
e4 gxf4 28. gxf4 Nf7 29. e5+ Ke6 30. Ne2 h4 31. Nd4+ 1-0

[Event "22. OSREDNJA SLOVENSKA LIGA 2021"]
[Site "gostovanja"]
[Date "2021.10.28"]
[Round "7.4"]
[White "Konvalinka, Kostja"]
[Black "Simicak, Metod"]
[Result "0-1"]
[WhiteElo "1707"]
[BlackElo "1677"]
[PlyCount "134"]
[EventDate "2021.10.28"]
[WhiteTeam "SK TRZIN BUSCOTRADE"]
[BlackTeam "SD MENGES-TRZIN"]

1. e4 e5 2. Nf3 Nf6 3. Nc3 Bb4 4. d3 Bxc3+ 5. bxc3 d5 6. exd5 Qxd5 7. Ba3 c5 8.
Be2 O-O 9. O-O Bg4 10. h3 Bh5 11. Re1 Nc6 12. Ng5 Bxe2 13. Qxe2 h6 14. Ne4 Nxe4
15. Qxe4 Qxe4 16. Rxe4 b6 17. Rae1 Rfd8 18. g4 g6 19. Kh2 Kg7 20. h4 f5 21.
gxf5 gxf5 22. Rg1+ Kf6 23. Ree1 f4 24. h5 Rg8 25. Kh3 Rg5 26. Kh4 Rag8 27. Rxg5
Rxg5 28. d4 cxd4 29. cxd4 Nxd4 30. Rd1 Nf5+ 31. Kh3 Rxh5+ 32. Kg4 Rg5+ 33. Kf3
Nd4+ 34. Ke4 Ke6 35. Bf8 h5 36. c3 Nb5 37. Bb4 a5 38. c4 axb4 39. cxb5 h4 40.
Rc1 Kf7 41. Rh1 Rh5 42. Rh3 Kf6 43. f3 Rh7 44. Kd5 Kf5 45. Kc4 e4 46. fxe4+
Kxe4 47. Kxb4 f3 48. a4 f2 49. Rh1 Kf3 50. a5 bxa5+ 51. Kxa5 Kg2 52. Rc1 f1=Q
53. Rxf1 Kxf1 54. b6 h3 55. Ka6 h2 56. b7 Rxb7 57. Kxb7 h1=Q+ 58. Kb6 Qd5 59.
Kc7 Qe6 60. Kb7 Ke2 61. Kc7 Kd3 62. Kb7 Qd6 63. Ka7 Qb4 64. Ka6 Kd4 65. Ka7 Kc5
66. Ka8 Kc6 67. Ka7 Qb7# 0-1

[Event "22. OSREDNJA SLOVENSKA LIGA 2021"]
[Site "gostovanja"]
[Date "2021.10.28"]
[Round "7.1"]
[White "Butala, Marjan"]
[Black "Marinko, Peter"]
[Result "1-0"]
[WhiteElo "1870"]
[BlackElo "1825"]
[PlyCount "63"]
[EventDate "2021.10.28"]
[WhiteTeam "KPŠRD KAREL JERAJ"]
[BlackTeam "SK LJUBLJANA"]

1. Nf3 Nf6 2. c4 b6 3. g3 Bb7 4. Bg2 e6 5. Nc3 Be7 6. O-O O-O 7. Qc2 d6 8. a3
a5 9. b3 Nbd7 10. Bb2 e5 11. Rad1 Re8 12. d4 exd4 13. Nxd4 Bxg2 14. Kxg2 Bf8
15. e4 Nc5 16. Rfe1 Qc8 17. f3 Qb7 18. Nd5 Nh5 19. g4 c6 20. Nxc6 Qxc6 21. gxh5
Re6 22. Kh1 Rh6 23. Bxg7 Kxg7 24. Rg1+ Kh8 25. Qg2 Rg6 26. hxg6 hxg6 27. Qh3+
Kg7 28. Qh4 Nxb3 29. Qf6+ Kg8 30. Rxg6+ fxg6 31. Qxg6+ Kh8 32. Nf6 1-0

[Event "22. OSREDNJA SLOVENSKA LIGA 2021"]
[Site "gostovanja"]
[Date "2021.10.28"]
[Round "7.2"]
[White "Sfiligoj, Anze"]
[Black "Kutin, Dusan"]
[Result "1-0"]
[WhiteElo "1728"]
[BlackElo "1824"]
[PlyCount "79"]
[EventDate "2021.10.28"]
[WhiteTeam "SK LJUBLJANA"]
[BlackTeam "KPŠRD KAREL JERAJ"]

1. e4 e6 2. d4 d5 3. exd5 exd5 4. Nf3 Nf6 5. Bf4 Bd6 6. Bxd6 Qxd6 7. Nc3 a6 8.
Bd3 O-O 9. Qd2 b5 10. O-O-O c5 11. dxc5 Qxc5 12. h3 h6 13. g4 b4 14. Ne2 Ne4
15. Bxe4 dxe4 16. Nfd4 Nc6 17. Nxc6 Qxc6 18. Qxb4 a5 19. Qd6 Qb7 20. Nf4 Ra6
21. Qd5 Qc7 22. Qxe4 Bb7 23. Nd5 Qb8 24. Rhe1 Re6 25. Qf5 Rfe8 26. Ne3 Re5 27.
Qd7 Bf3 28. Rd3 Qb4 29. c3 Qf4 30. Qd6 Be4 31. Rd2 Bg6 32. b3 Qf3 33. Kb2 Qa8
34. c4 a4 35. b4 a3+ 36. Kc3 Qf3 37. b5 Rxe3+ 38. Rxe3 Rxe3+ 39. fxe3 Qxe3+ 40.
Kb4 1-0

[Event "22. OSREDNJA SLOVENSKA LIGA 2021"]
[Site "gostovanja"]
[Date "2021.10.28"]
[Round "7.3"]
[White "Vertacnik, Viktor"]
[Black "Borstar, Dusan"]
[Result "1/2-1/2"]
[WhiteElo "1607"]
[BlackElo "1681"]
[PlyCount "52"]
[EventDate "2021.10.28"]
[WhiteTeam "KPŠRD KAREL JERAJ"]
[BlackTeam "SK LJUBLJANA"]

1. e4 c5 2. c3 e6 3. Nf3 a6 4. d4 cxd4 5. cxd4 Nf6 6. Bd3 d6 7. Nc3 Be7 8. O-O
Nc6 9. Re1 Qa5 10. e5 dxe5 11. dxe5 Nd7 12. Bf4 Bb4 13. Qc2 h6 14. a3 Bxc3 15.
Qxc3 Qxc3 16. bxc3 Nc5 17. Bc2 Nd7 18. Nd4 Ne7 19. c4 Rb8 20. Rab1 Kd8 21. Bd2
Nc6 22. Nxc6+ bxc6 23. Rxb8 Nxb8 24. Ba5+ Ke7 25. Bb4+ Kd8 26. Ba5+ Ke7 1/2-1/2

[Event "22. OSREDNJA SLOVENSKA LIGA 2021"]
[Site "gostovanja"]
[Date "2021.10.28"]
[Round "7.4"]
[White "Juvan, Vid"]
[Black "Cizman, Gregor"]
[Result "1-0"]
[WhiteElo "1000"]
[BlackElo "1513"]
[PlyCount "51"]
[EventDate "2021.10.28"]
[WhiteTeam "SK LJUBLJANA"]
[BlackTeam "KPŠRD KAREL JERAJ"]

1. e4 c6 2. d4 d5 3. Nd2 dxe4 4. Nxe4 Bf5 5. Ng3 Bg6 6. h4 h6 7. h5 Bh7 8. Nf3
Nd7 9. Bd3 Bxd3 10. Qxd3 e6 11. Bd2 Bd6 12. Ne4 Bc7 13. O-O-O Ngf6 14. Bb4 Nxe4
15. Qxe4 Nf6 16. Qe2 Bd6 17. Bc3 Qc7 18. d5 cxd5 19. Bxf6 gxf6 20. Rxd5 O-O-O
21. Rd4 Bf4+ 22. Kb1 Rxd4 23. Nxd4 Rd8 24. Nb3 f5 25. Rh4 Qd6 26. Qc4+ 1-0

[Event "22. OSREDNJA SLOVENSKA LIGA 2021"]
[Site "gostovanja"]
[Date "2021.10.28"]
[Round "7.1"]
[White "Hribar, Janez"]
[Black "More, Erlend"]
[Result "1/2-1/2"]
[WhiteElo "1946"]
[BlackElo "1621"]
[PlyCount "64"]
[EventDate "2021.10.28"]
[WhiteTeam "SD CRNI GRABEN"]
[BlackTeam "SK KOMENDA POGI"]

1. c4 e6 2. Nc3 d5 3. e3 Nf6 4. d4 b6 5. cxd5 exd5 6. Nf3 Bb7 7. Bd3 Be7 8. O-O
Ne4 9. Ne5 O-O 10. Qc2 f5 11. Ne2 Ba6 12. f3 Bxd3 13. Qxd3 Nd6 14. Nf4 Qc8 15.
Nxd5 Bd8 16. Bd2 Qe6 17. Qb3 Kh8 18. Rac1 c5 19. Nf4 Qxb3 20. axb3 cxd4 21. Bb4
Be7 22. Ne6 Na6 23. Bxd6 Bxd6 24. Nxf8 Bxe5 25. Nd7 Bd6 26. exd4 Bf4 27. Rce1
Kg8 28. Re7 Nb4 29. g3 Bg5 30. Re5 Rd8 31. f4 Bxf4 32. Rxf4 Nd3 1/2-1/2

[Event "22. OSREDNJA SLOVENSKA LIGA 2021"]
[Site "gostovanja"]
[Date "2021.10.28"]
[Round "7.2"]
[White "Cimperman, Teo"]
[Black "Skok, Boris"]
[Result "0-1"]
[WhiteElo "1623"]
[BlackElo "1889"]
[PlyCount "66"]
[EventDate "2021.10.28"]
[WhiteTeam "SK KOMENDA POGI"]
[BlackTeam "SD CRNI GRABEN"]

1. e4 c5 2. Nf3 e6 3. d4 cxd4 4. Nxd4 Nc6 5. Nc3 Qc7 6. Be3 a6 7. f3 Nf6 8. Qd2
Be7 9. g4 b5 10. Bg2 Bb7 11. O-O-O Ne5 12. Bf4 d6 13. Bxe5 dxe5 14. Nb3 O-O 15.
h4 b4 16. Ne2 Rac8 17. Kb1 a5 18. Rc1 a4 19. Na1 Rfd8 20. Qe1 Ba6 21. Ng3 Qb6
22. Bf1 a3 23. b3 Bxf1 24. Rxf1 Qd4 25. c3 Qd3+ 26. Rc2 Rxc3 27. Qe2 Rxc2 28.
Qxc2 Qd4 29. g5 Ne8 30. Ne2 Qe3 31. Nc1 Rd2 32. Qxd2 Qxd2 33. Rf2 Qxf2 0-1

[Event "22. OSREDNJA SLOVENSKA LIGA 2021"]
[Site "gostovanja"]
[Date "2021.10.28"]
[Round "7.3"]
[White "Vidergar, Milan"]
[Black "Macek, Inti"]
[Result "0-1"]
[WhiteElo "1753"]
[BlackElo "1229"]
[PlyCount "86"]
[EventDate "2021.10.28"]
[WhiteTeam "SD CRNI GRABEN"]
[BlackTeam "SK KOMENDA POGI"]

1. d4 d5 2. c4 Nf6 3. Nc3 e6 4. Bg5 Be7 5. Nf3 Nbd7 6. e3 O-O 7. Bd3 b6 8. O-O
Bb7 9. Nd2 c5 10. Re1 h6 11. Bf4 Re8 12. Nb5 Rf8 13. Rc1 a6 14. Nc3 Re8 15. a3
Nf8 16. Nf3 Ng6 17. Bxg6 fxg6 18. Qc2 g5 19. Be5 Bd6 20. Qg6 Bxe5 21. Nxe5 Qe7
22. dxc5 bxc5 23. f4 Nh7 24. cxd5 exd5 25. Na4 c4 26. Nc5 Nf8 27. Qb6 Rab8 28.
Qa7 Ne6 29. Ncd7 Qd6 30. Nxb8 Rxb8 31. Nd7 Rd8 32. Ne5 Qc7 33. g3 Ra8 34. Qxa8+
Bxa8 35. Red1 Qb6 36. Ng4 gxf4 37. gxf4 Nxf4 38. Rc2 Nd3 39. Rxd3 cxd3 40. Rc8+
Kh7 41. Rxa8 d2 42. Nf2 Qxe3 43. Kf1 Qxf2+ 0-1

[Event "22. OSREDNJA SLOVENSKA LIGA 2021"]
[Site "gostovanja"]
[Date "2021.10.28"]
[Round "7.4"]
[White "Keber, Aljosa"]
[Black "Krulej, Marko"]
[Result "1-0"]
[WhiteElo "1062"]
[BlackElo "1631"]
[PlyCount "43"]
[EventDate "2021.10.28"]
[WhiteTeam "SK KOMENDA POGI"]
[BlackTeam "SD CRNI GRABEN"]

1. e4 e5 2. Nf3 d6 3. d4 Nd7 4. dxe5 dxe5 5. Bc4 h6 6. Nc3 c6 7. O-O Ngf6 8. a3
Qc7 9. b3 Be7 10. Re1 O-O 11. Nh4 Kh7 12. Nf5 Nb6 13. Nxe7 Qxe7 14. Bd3 Qc5 15.
Ne2 Bg4 16. h3 Bh5 17. g4 Bg6 18. Be3 Qe7 19. Ng3 Rad8 20. Qf3 Ng8 21. Nf5 f6
22. Nxe7 1-0